000 01463nam a22002297a 4500
005 20220322152829.0
008 220311b ||||| |||| 00| 0 eng d
020 _a9780415608459
040 _cAL
041 _aeng
082 _223
_a574.192
_bHAMB
100 _aDavid, Hames
_923368
245 _aBios instant notes Biochemistry
250 _a4th ed.
260 _aNew York
_bGarland Science
_c2011
300 _avii,473p.
_bPB
_c24.1x16.9cm.
365 _2General
_aVBI-1345
_b₹521.25
_c
_d₹695.00
_e25%
_f21-2-2022
520 _aBIOS Instant Notes in Biochemistry, Fourth Edition, is the perfect text for undergraduates looking for a concise introduction to the subject, or a study guide to use before examinations. Each topic begins with a summary of essential facts-an ideal revision checklist-followed by a description of the subject that focuses on core information, with clear, simple diagrams that are easy for students to understand and recall in essays and exams. BIOS Instant Notes in Biochemistry, Fourth Edition, is fully up-to-date and covers: Cells Amino acids and proteins Studying proteins Enzymes Membranes and cell signalling DNA structure and replication RNA synthesis and processing Protein synthesis Recombinant DNA technology Carbohydrate metabolism Lipid metabolism Respiration and energy Nitrogen metabolism
650 _2Life Sciences
_aBiochemistry
_923369
700 _aHooper, Nigel
_923370
942 _2ddc
_cBK
999 _c221824
_d221824